书目信息 |
| 题名: |
AutoCAD 2004实用教程
|
|
| 作者: | 武马群 主编 ;何振林 , 匡松 编著 | |
| 分册: | ||
| 出版信息: | 北京 北京工业大学出版社 2005.06 |
|
| 页数: | 185页 | |
| 开本: | 26cm | |
| 丛书名: | ||
| 单 册: | ||
| 中图分类: | TP391.72 | |
| 科图分类: | ||
| 主题词: | 计算机辅助设计--ji suan ji fu zhu she ji--应用软件--AutoCAD 2004--高等学校--技术学校--教材 | |
| 电子资源: | ||
| ISBN: | 7-5639-1529-X | |
| 000 | 01040nam0 2200253 450 | |
| 001 | 012006397410 | |
| 005 | 20060920091058.17 | |
| 010 | @a7-5639-1529-X@dCNY17.00 | |
| 100 | @a20060616d2005 km y0chiy0120 ea | |
| 101 | 0 | @achi |
| 102 | @aCN@b110000 | |
| 105 | @aa z 000yy | |
| 200 | 1 | @aAutoCAD 2004实用教程@AAutoCAD 2004 shi yong jiao cheng@f武马群主编@Fwu ma qun zhu bian@g何振林, 匡松编著@Ghe zhen lin,kuang song bian zhu |
| 210 | @a北京@c北京工业大学出版社@d2005.06 | |
| 215 | @a185页@c图@d26cm | |
| 300 | @a高职高专计算机系列规划教材 | |
| 330 | @a本书详细介绍了利用AutoCAD 2004中文版绘制各种图形的方法,主要内容有:图形的绘制与编辑,图层管理,尺寸标注,块的使用,三维图形的绘制与编辑、渲染,图形的输出与打印等。 | |
| 606 | 0 | @a计算机辅助设计@Aji suan ji fu zhu she ji@x应用软件@xAutoCAD 2004@x高等学校@x技术学校@j教材 |
| 690 | @aTP391.72@v4 | |
| 701 | 0 | @a武马群@Awu ma qun@4主编 |
| 702 | 0 | @a何振林@Ahe zhen lin@4编著 |
| 702 | 0 | @a匡松@Akuang song@4编著 |
| 801 | 0 | @aCN@bQSSK@c20060920 |
| 905 | @a10447@dTP391.72@eW984 | |
| AutoCAD 2004实用教程/武马群主编/何振林, 匡松编著.-北京:北京工业大学出版社,2005.06 |
| 185页:图;26cm |
| 高职高专计算机系列规划教材 |
| ISBN 7-5639-1529-X:CNY17.00 |
| 本书详细介绍了利用AutoCAD 2004中文版绘制各种图形的方法,主要内容有:图形的绘制与编辑,图层管理,尺寸标注,块的使用,三维图形的绘制与编辑、渲染,图形的输出与打印等。 |
| ● |
| 相关链接 |
|
|
|
正题名:AutoCAD 2004实用教程
索取号:TP391.72/W984
 
预约/预借
| 序号 | 登录号 | 条形码 | 馆藏地/架位号 | 状态 | 备注 |
| 1 | 587900 | 205879003 | 自科二线404/404自科库 17排1列3层/ [索取号:TP391.72/W984] | 在馆 | |
| 2 | 587901 | 205879012 | 自科库301/301自科库 111排2列1层/ [索取号:TP391.72/W984] | 在馆 | |
| 3 | 587902 | 205879021 | 自科库301/301自科库 111排2列1层/ [索取号:TP391.72/W984] | 在馆 |